000 00692nam a2200241I 4500
001 20352
003 GBCCL
005 20241126110354.0
008 781208s1972 xx 000 0 eng d
035 _a(OCoLC)04431038
040 _aTLT
_cTLT
049 _aLBBK
082 _a220.93
_bWEI
092 _a220.931
_bW429
100 1 _aWeiss, G Christian.
_92026
245 1 0 _aInsights into Bible times and customs /
_cby G. Christian Weiss.
260 _aLincoln, Neb. :
_bBack to the Bible Broadcast,
_cc1972.
300 _a141 p. ;
_c19 cm.
500 _aIncludes Scripture index.
630 0 0 _aBible
_xAntiquities.
_91889
650 0 _aCivilization, Ancient.
_92027
942 _2ddc
_cBK
999 _c1128
_d1128